[Event "Top Loire 2011-2012"]
[Site "Loire"]
[Date "2012.05.26"]
[Round "7.4"]
[White "Bruel, Bruno"]
[Black "Andre, Gregory"]
[Result "0-1"]
[WhiteElo "1770"]
[BlackElo "1750"]
[PlyCount "88"]
[EventDate "2012.??.??"]

1. d4 Nf6 2. c4 e6 3. Nc3 Bb4 4. Qc2 c5 5. e3 cxd4 6. exd4 Nc6 7. Nf3 d5 8. a3
Be7 9. Be3 O-O 10. Bd3 dxc4 11. Bxc4 Nd5 12. Nxd5 exd5 13. Bd3 h6 14. O-O Bf6
15. h3 Be6 16. b4 Rc8 17. Qb2 Qe7 18. Rac1 Rfd8 19. Rfd1 Qf8 20. Ne5 Bxe5 21.
dxe5 d4 22. Bf4 Qe7 23. Bg3 Qg5 24. Qe2 Re8 25. Qe1 Qd8 26. f4 Qd7 27. Bf2 Ne7
28. Rxc8 Rxc8 29. Rc1 Rd8 30. Kh2 a6 31. Rd1 Qa4 32. Bxd4 Rxd4 33. Bh7+ Kxh7
34. Rxd4 Qxa3 35. g4 Qb2+ 36. Kg3 Qxd4 37. f5 Qd3+ 38. Kh2 Bd5 39. f6 gxf6 40.
exf6 Ng6 41. Qf2 Qe4 42. Qg1 Nf4 43. h4 Qe2+ 44. Kg3 Qf3+ 0-1

[Event "Top Loire 2011-2012"]
[Site "Loire"]
[Date "2012.05.26"]
[Round "7.5"]
[White "Cursoux, Gerard"]
[Black "Tchalimian, Pascal"]
[Result "1/2-1/2"]
[WhiteElo "1900"]
[BlackElo "2002"]
[PlyCount "38"]
[EventDate "2012.??.??"]

1. d4 Nf6 2. c4 b6 3. Nc3 Bb7 4. f3 e6 5. e4 d6 6. Bd3 Nbd7 7. Nge2 Be7 8. b3
O-O 9. O-O Re8 10. Ng3 c6 11. f4 Nf8 12. Be3 a6 13. a4 Rc8 14. Rc1 g6 15. h3
N6d7 16. Qe2 Bh4 17. Qg4 f5 18. Qf3 c5 19. d5 Qf6 $11 1/2-1/2

[Event "Top Loire 2011-2012"]
[Site "Loire"]
[Date "2012.05.26"]
[Round "7.6"]
[White "Furnon, Yannick"]
[Black "Aumont-Mathieu, Georges"]
[Result "1/2-1/2"]
[WhiteElo "1840"]
[BlackElo "1820"]
[PlyCount "42"]
[EventDate "2012.??.??"]

1. d4 Nf6 2. c4 e6 3. Nc3 Bb4 4. e3 Ne4 5. Qc2 f5 6. Bd3 d5 7. Nge2 c6 8. O-O
Bd6 9. f3 Nxc3 10. Nxc3 O-O 11. c5 Bc7 12. b3 Nd7 13. Bb2 Nf6 14. Rae1 Bd7 15.
e4 dxe4 16. fxe4 Bxh2+ 17. Kxh2 Ng4+ 18. Kg1 Qh4 19. g3 Qxg3+ 20. Qg2 Qxd3 21.
Nd1 Rf6 1/2-1/2

[Event "Top Loire 2011-2012"]
[Site "Loire"]
[Date "2012.05.26"]
[Round "7.8"]
[White "Boeuf, Jean-Julien"]
[Black "Longueville, Thomas"]
[Result "0-1"]
[WhiteElo "1560"]
[BlackElo "1788"]
[PlyCount "76"]
[EventDate "2012.??.??"]

1. Nf3 Nf6 2. c4 g6 3. g3 Bg7 4. Bg2 d6 5. Nc3 Nc6 6. O-O O-O 7. Rb1 a5 8. a3
Bf5 9. d3 Ne8 10. b4 Bxc3 11. b5 Nd4 12. Nh4 Bd7 13. Bh6 Ng7 14. Bxb7 Rb8 15.
Be4 Bh3 16. Bg2 Bxg2 17. Kxg2 Qd7 18. Qc1 Nxe2 19. Qc2 Qe6 20. Rb3 Bf6 21. Nf3
Nd4 22. Nxd4 Bxd4 23. Qd2 Rfe8 24. Re1 Qf5 25. Re4 Ne6 26. Rb1 d5 27. Rh4 Bf6
28. g4 Qe5 29. f4 Qd4 30. g5 Bxg5 31. Bxg5 Nxg5 32. Rh6 Ne6 33. f5 Qg4+ 34. Kh1
Qxf5 35. Rg1 Qf3+ 36. Rg2 Qf1+ 37. Rg1 Qf3+ 38. Rg2 Nf4 0-1

[Event "Top Loire 2011-2012"]
[Site "Loire"]
[Date "2012.05.12"]
[Round "7.9"]
[White "Walter, Alain"]
[Black "Pareux, Marc"]
[Result "1-0"]
[WhiteElo "1780"]
[BlackElo "1730"]
[PlyCount "45"]
[EventDate "2012.??.??"]

1. d4 g6 2. Nf3 Bg7 3. e4 d6 4. Bc4 c6 5. Ng5 d5 6. Qf3 Nf6 7. Bb3 O-O 8. e5
Ne8 9. Qg3 f6 10. Nf3 fxe5 11. Nxe5 Nd7 12. O-O Nxe5 13. dxe5 Nc7 14. Nc3 b6
15. f4 Ba6 16. Rf2 Rf5 17. Ne2 Bxe2 18. Rxe2 Qf8 19. Bd2 Ne6 20. Rf1 Ng5 21. c3
Kh8 22. Bc2 Rf7 23. Qxg5 1-0